The independent film producer's survival guide : (Record no. 126918)

MARC details
000 -LEADER
campo de control de longitud fija 02471cam a2200433 a 4500
001 - NÚMERO DE CONTROL
campo de control 16332140
003 - IDENTIFICADOR DE NÚMERO DE CONTROL
campo de control BJBSDDR
005 - FECHA Y HORA DE LA ÚLTIMA TRANSACCIÓN
campo de control 20260424114818.0
007 - CAMPO FIJO DE DESCRIPCIÓN FÍSICA--INFORMACIÓN GENERAL
campo de control de longitud fija ta
008 - DATOS DE LONGITUD FIJA--INFORMACIÓN GENERAL
campo de control de longitud fija 100714s2010 nyuak 001 0 eng
010 ## - NÚMERO DE CONTROL DE LA BIBLIOTECA DEL CONGRESO
Número de control de LC 2010487313
020 ## - NÚMERO INTERNACIONAL ESTÁNDAR DEL LIBRO
Número Internacional Estándar del Libro 9780825637230
035 ## - NÚMERO DE CONTROL DEL SISTEMA
Número de control de sistema 16332140
040 ## - FUENTE DE CATALOGACIÓN
Centro catalogador/agencia de origen DLC
Centro/agencia transcriptor DLC
Lengua de catalogación eng
041 ## - CÓDIGO DE IDIOMA
Código de lengua del texto/banda sonora o título independiente eng
043 ## - CÓDIGO DE ÁREA GEOGRÁFICA
Código de área geográfica n-us---
050 00 - SIGNATURA TOPOGRÁFICA DE LA BIBLIOTECA DEL CONGRESO
Número de clasificación KF4298
Número de ítem E68i 2010
082 00 - NÚMERO DE LA CLASIFICACIÓN DECIMAL DEWEY
Número de clasificación 343.7309/9
Número de edición 22
100 1# - ENTRADA PRINCIPAL--NOMBRE DE PERSONA
Nombre de persona Erickson, J. Gunnar
Fechas asociadas al nombre 1946-
9 (RLIN) 48042
245 14 - MENCIÓN DEL TÍTULO
Título The independent film producer's survival guide :
Resto del título a business and legal sourcebook /
Mención de responsabilidad, etc. Gunnar Erickson, Harris Tulchin, Mark Halloran.
250 ## - MENCION DE EDICION
Mención de edición 3rd ed.
260 ## - PUBLICACIÓN, DISTRIBUCIÓN, ETC.
Lugar de publicación, distribución, etc. New York :
Nombre del editor, distribuidor, etc. Schirmer Trade Books,
Fecha de publicación, distribución, etc. c2010.
300 ## - DESCRIPCIÓN FÍSICA
Extensión xv, 464 p. :
Otras características físicas ill., forms ;
Dimensiones 23 cm.
336 ## - TIPO DE CONTENIDO
Término de tipo de contenido text
Código de tipo de contenido txt
Fuente rdacontent
337 ## - TIPO DE MEDIO
Nombre/término del tipo de medio unmediated
Código del tipo de medio n
Fuente rdamedia
338 ## - TIPO DE SOPORTE
Nombre/término del tipo de soporte volume
Código del tipo de soporte nc
Fuente rdacarrier
500 ## - NOTA GENERAL
Nota general Includes index.
505 0# - NOTA DE CONTENIDO CON FORMATO
Nota de contenido con formato How to use this book -- Deal making -- The development process -- Getting the star elements -- Private money and soft money financing -- Presales -- Production loans -- Setting up the production -- Hiring writers -- Hiring directors -- Hiring actors -- Hiring producers and other production personnel -- Releases and miscellaneous production matters -- Music in film -- Selling your completed independent feature -- Distribution, sales, agency, and licensing agreements -- Digital promotion, marketing, and distribution -- Key issues in online distribution -- Profits -- The last scene and closing credits.
520 ## - RESUMEN, ETC.
Sumario, etc. In this comprehensive guidebook, three experienced entertainment lawyers tell you everything you need to know to produce and market an independent filmâfrom the development process to deal making, financing, setting up the production, hiring directors and actors, securing location rights, acquiring music, calculating profits, digital moving making, distribution, and marketing your movie. This all-new second edition has been completed updated.
650 #0 - PUNTO DE ACCESO ADICIONAL DE MATERIA--TÉRMINO DE MATERIA
Término de materia o nombre geográfico como elemento de entrada Independent filmmakers
Subdivisión general Legal status, laws, etc.
Subdivisión geográfica United States.
650 #0 - PUNTO DE ACCESO ADICIONAL DE MATERIA--TÉRMINO DE MATERIA
Término de materia o nombre geográfico como elemento de entrada Motion pictures
Subdivisión general Law and legislation
Subdivisión geográfica United States.
700 1# - ENTRADA AGREGADA--NOMBRE PERSONAL
Nombre de persona Tulchin, Harris.
9 (RLIN) 48043
700 1# - ENTRADA AGREGADA--NOMBRE PERSONAL
Nombre de persona Halloran, Mark E.
9 (RLIN) 48044
906 ## - ELEMENTOS DE DATOS F LOCAL, LDF (RLIN)
a 7
b cbc
c origcop
d 2
e ncip
f 20
g y-gencatlg
942 ## - ELEMENTOS DE ENTRADA SECUNDARIOS (KOHA)
Fuente del sistema de clasificación o colocación Clasificación de Library of Congress
Tipo de ítem Koha Libro
Suprimir en OPAC No
946 ## - PROCESAMIENTO DE INFORMACIÓN LOCAL (OCLC)
Iniciales del agente catalogador dpf
Holdings
Estatus retirado Estado de pérdida Fuente del sistema de clasificación o colocación Estado de daño No para préstamo Colección Biblioteca de origen Biblioteca actual Ubicación en estantería Fecha de adquisición Signatura topográfica completa Código de barras Visto por última vez Copia número Tipo de ítem Koha
    Clasificación de Library of Congress     Automatización y Procesos Técnicos Biblioteca Juan Bosch Biblioteca Juan Bosch Automatización y Procesos Técnicos (1er. Piso) 24/04/2026 KF4298 E68i 2010 00000199054 24/04/2026 1 Libro